| 000 | 00947nam a2200205Ia 4500 | ||
|---|---|---|---|
| 999 |
_c34702 _d34702 |
||
| 001 | 488 | ||
| 003 | GE_BSU | ||
| 005 | 20190529204628.0 | ||
| 008 | 181216s||||||||xx |||||||||||||| ||und|| | ||
| 020 | _a9789941032417 | ||
| 040 | _cGE_BSU | ||
| 041 | _ageo | ||
| 080 | _a272 უ-41 | ||
| 245 |
_aუმაღლესი პონტიფექსის ბენედიქტე XVI-ის ენციკლიკა : _bსიყვარული ჭეშმარიტებით. CARITAS IN VERITATE / _cეპისკოპოსებს, მღვდლებსა და დიაკვანებს, ყველა ღმრთისმიძღვნილსა და კეთი9ლი ნების ყველა ადამიანს. |
||
| 264 |
_aთბილისი, _c2011. |
||
| 300 | _a146 გვ. | ||
| 653 | _aრელიგია | ||
| 653 | _aქრისტიანობა | ||
| 942 |
_cBK _2udc |
||